Carta encíclica Deus Caritas Est del Sumo Pontífice Benedicto XVI a los obispos, a los presbíteros y diáconos, a las personas consagradas y a todos los fieles laicos sobre el amor cristiano
Kaydedildi:
| Yazar: | |
|---|---|
| Materyal Türü: | Kitap |
| Dil: | İspanyolca |
| Baskı/Yayın Bilgisi: |
Ciudad del Vaticano
Libreria Editrice Vaticana
2005
|
| Edisyon: | 1a. ed |
| Konular: | |
| Etiketler: |
Etiketle
Etiket eklenmemiş, İlk siz ekleyin!
|
MARC
| LEADER | 00000cam a2200000 a 4500 | ||
|---|---|---|---|
| 001 | UCC6857 | ||
| 003 | CL-VaPUC | ||
| 008 | 190118e20050000vc |||||||||||||||||spa|d | ||
| 082 | 0 | 4 | |a 262.91 |b BEN |2 21 |
| 100 | 0 | |a Benedicto XVI |e author |9 494398 | |
| 245 | 1 | 0 | |a Carta encíclica Deus Caritas Est del Sumo Pontífice Benedicto XVI a los obispos, a los presbíteros y diáconos, a las personas consagradas y a todos los fieles laicos sobre el amor cristiano |
| 250 | |a 1a. ed | ||
| 300 | |a 77 p | ||
| 942 | |c BK | ||
| 945 | |d 20190118 13:18:00 |a dcastane | ||
| 260 | |a Ciudad del Vaticano |b Libreria Editrice Vaticana |c 2005 | ||
| 650 | 0 | |a Encíclicas |9 255643 | |
| 650 | 0 | |a Encíclicas papales |9 314532 | |
| 650 | 0 | |a Documentos pontificios |9 255642 | |
| 583 | |a last modification |c 20190118 13:18:00 |k Rodrigo Vera | ||
| 999 | |c 373707 |d 373705 | ||
| 952 | |0 0 |1 0 |3 erb |4 0 |6 262_910000000000000_BEN_2005 |7 0 |8 A |9 491920 |a BIBTEO |b BIBTEO |i 5529123 |o 262.91 BEN 2005 |p 5529123 |r 2025-01-17 |w 2019-11-24 |y BK |z Catalogado en:20190118 |k ICR | ||